|
|
|
|
| LEADER |
00000nam0a2200000 4500 |
| 001 |
360961 |
| 005 |
20231101043112.0 |
| 035 |
|
|
|a (RuTPU)RU\TPU\retro\18287
|
| 090 |
|
|
|a 360961
|
| 100 |
|
|
|a 20210519d1974 km y0rusy50 ca
|
| 101 |
0 |
|
|a rus
|
| 102 |
|
|
|a RU
|
| 105 |
|
|
|a a z 000zy
|
| 200 |
1 |
|
|a Этот случайный, случайный, случайный мир
|f Л. А. Растригин
|g под ред. В. Федченко
|
| 205 |
|
|
|a 2-е изд.
|
| 210 |
|
|
|a Москва
|c Молодая гвардия
|d 1974
|
| 215 |
|
|
|a 208 с.
|c ил.
|
| 225 |
1 |
|
|a Эврика
|
| 606 |
1 |
|
|a Необходимисть и случайность
|2 stltpush
|3 (RuTPU)RU\TPU\subj\45408
|
| 610 |
1 |
|
|a случайности
|
| 610 |
1 |
|
|a метод Монте-Карло
|
| 610 |
1 |
|
|a случайное
|
| 610 |
1 |
|
|a случай
|
| 610 |
1 |
|
|a управление
|
| 610 |
1 |
|
|a стратегия
|
| 610 |
1 |
|
|a риск
|
| 610 |
1 |
|
|a решения
|
| 686 |
|
|
|a Ю212.72
|v LBC/SL-A
|2 rubbk
|
| 700 |
|
1 |
|a Растригин
|b Л. А.
|g Леонард Андреевич
|
| 702 |
|
1 |
|a Федченко
|b В.
|4 340
|
| 801 |
|
1 |
|a RU
|b 63413507
|c 20210519
|
| 801 |
|
2 |
|a RU
|b 63413507
|c 20210913
|g RCR
|
| 942 |
|
|
|c BK
|